000 00579cam a22002053a 4500
001 45598
003 PGUSA
005 20140828084044.0
008 140506s2014||||xxu|||||s|||||000 | eng d
040 _aPGUSA
_beng
042 _adc
100 1 _aRandall, F. J.
_q(Frederick John)
245 1 0 _aLove and the Ironmonger
_h[electronic resource] /
_cF. J. Randall
260 _bProject Gutenberg,
_c2014
506 _aPublic domain in the USA.
516 _aElectronic text
830 0 _aProject Gutenberg
_v45598
856 4 0 _uhttp://www.gutenberg.org/ebooks/45598
942 _cEB
999 _c274849
_d274849